Circuitos eléctricos (Registro nro. 7466)
[ vista simple ]
| 000 -Cabecera | |
|---|---|
| Campo de control de longitud fija | 00610nam a22002417a 4500 |
| 005 - Fecha y hora de la última transacción | |
| Campo de control | 20230830112143.0 |
| 008 - Elementos de longitud fija--Información general | |
| Campo de control de longitud fija | 160122b2012 xxu||||| |||| 00| 0 spa d |
| 020 ## - International Standard Book Number | |
| Número Internacional Estándar del Libro (ISBN) | 9788483227954 |
| 041 ## - Idioma | |
| Código de idioma | Español |
| 082 ## - Clasificación Decimal Dewey | |
| Número de clasificación | 621.381.5 F812c |
| 100 ## - Entrada principal--Autor personal | |
| Nombre personal | Fraile Mora, Jesús |
| 245 ## - Título propiamente dicho | |
| Título | Circuitos eléctricos |
| 260 ## - Pie de imprenta | |
| Lugar de publicación, distribución, etc. | España |
| 260 ## - Pie de imprenta | |
| Nombre del editor, distribuidor, etc. | Pearson Educación |
| 260 ## - Pie de imprenta | |
| Fecha de publicación, distribución, etc. | 2012 |
| 300 ## - Descripción física | |
| Extensión | 576 páginas |
| 650 ## - Materia general | |
| Temática (materia general) | CIRCUITOS ELÉCTRICOS |
| 650 ## - Materia general | |
| Temática (materia general) | CIRCUITOS DE CORRIENTE ALTERNA |
| 650 ## - Materia general | |
| Temática (materia general) | CIRCUITOS TRIFÁSICOS |
| 650 ## - Materia general | |
| Temática (materia general) | TRANSFORMADA DE LAPLACE |
| 942 ## - Punto de acceso adicional KOHA | |
| Tipo de ítem KOHA | Libro |
| Fuente del sistema de clasificación o colocación | Dewey Decimal Classification |
| Signatura completa | Código de barras | Programa Académico | Tipo de ítem |
|---|---|---|---|
| 621.381.5 F812c | 19876 | Electrónica | Libro |
| 621.381.5 F812c | 22166 | Electrónica | Libro |
| 621.381.5 F812c | 22167 | Electrónica | Libro |